Поэты Серебряного века по первым строкам их стихотворений - Statistics

General Stats
  • This quiz has been taken 82 times
  • The average score is 6 of 12
Answer Stats
первая строка поэт % Correct
"Не жалею, не зову, не плачу" Сергей Есенин
95%
"За всех вас, что нравились или нравятся" Владимир Маяковский
91%
"По вечерам над ресторанами" Александр Блок
84%
"Мне нравится, что вы больны не мной" Марина Цветаева
82%
"Нет, и не под чуждым небосводом" Анна Ахматова
81%
"Мы живём, под собою не чуя страны" Осип Мандельштам
55%
"Ананасы в шампанском! Ананасы в шампанском!" Игорь-Северянин
38%
"Дыр бул щыл" Алексей Кручёных
32%
"Когда умирают кони - дышат" Велимир Хлебников
28%
"Смотрю на море жадными очами" Зинаида Гиппиус
20%
"Я мечтою ловил уходящие тени" Константин Бальмонт
18%
"Любите живопись, поэты!" Николай Заболоцкий
14%
No matching quizzes found
Score Distribution
Percent of People with Each Score
Percentile by Number Answered
Your Score History
You have not taken this quiz